Introducción a la teoría y práctica de la taxonomia numérica

Bibliographic Details
Main Authors: Crisci, Jorge Víctor, López Armengol, María Fernanda
Format: Section = Libro
Language:Undetermined
Spanish
Published: Cambridge [s.e.] 1983
Subjects:
LEADER 00524nam a2200181Ia 4500
008 240830s9999 xx 000 0 und d
040 |a B-ESTELÍ- RUACS 
041 |a spa 
082 |a 001.012 C932 
100 1 |a Crisci, Jorge Víctor 
100 1 |b  López Armengol, María Fernanda 
245 1 0 |a Introducción a la teoría y práctica de la taxonomia numérica 
260 |a Cambridge  |b [s.e.]  |c 1983 
300 |a 131 p.. :il. 
650 7 |a TAXONOMIA NUMÉRICA - TEORÍA 
942 |c BK  |2 ddc 
991 |a TEXTO 
999 |c 10497